Normal view MARC view
  • América Latina

Entry Nombre Geográfico

Number of records used in: 85

001 - NÚMERO DE CONTROL

  • campo de control: 1083

003 - IDENTIFICADOR DE NUMERO DE CONTROL

  • campo de control: UPN

005 - FECHA Y HORA DE LA ÜLTIMA TRANSACCIÓN

  • campo de control: 20220811125607.0

008 - DATOS DE LONGITUD FIJA

  • campo de control de longitud fija: 220811n||acnnnbabn | ana |d

035 ## - NÚMERO DE CONTROL

  • Número de control: UPN10000001083

040 ## - FUENTE DE CATALOGACIÓN

  • Agencia de catalogación original: MX-MxUPN
  • Lenguaje de catalogación: spa
  • Agencia de transcripción: MX-MxUPN

151 ## - ENCABEZAMIENTO - NOMBRE GEOGRÁFICO

  • Nombre geográfico: América Latina
  • Subdivisión general : Política y gobierno

451 ## - VER DESDE EL RASTREO--NOMBRE GEOGRÁFICO

  • Geographic name: América Latina -
  • General subdivision: Política

670 ## - FUENTE EN LA QUE SE LOCALIZARON DATOS

  • Cita de la fuente: LC
  • Información localizada: Latin America - Politics and government

902 ## - CATALOGADOR

  • Catalogador: CAA/290905